000
00334 a2200157 4500
001
171195
020
_a
040
_c
Magnum
100
_a
Chamlian, Regina
240
1
0
_a
Pescadores de lobisomem
_l
por
245
1
0
_a
Pescadores de lobisomem
362
0
_a
1899
440
1
_a
Ática
697
_a
IJ/LENDAS, FOLCLORE
942
_c
BK
999
_c
171195
_d
171195